00346nam a2200145Ia 4500003000400000005001700004008004100021040000700062041000800069082002200077100002200099245004000121260002600161365001300187OSt20230606203508.0210423s2008 xx 000 0 und d cAL aeng a362.30 223bMUKA aMUKHOPADHYAY (A). aCross roads of life and livelihood. aNew DelhibVHAIc2008 b250cINR